Logo BPK

Biblioteka

Politechniki Koszalińskiej

The Young Brontes / (Rekord nr 48756)

Szczegóły MARC
000 -ETYKIETA REKORDU
podpole kontrolne o stałej długości 00504nam a2200181 i 4500
001 - NUMER KONTROLNY REKORDU
pole kontrolne bgj
040 ## - ŹRÓDŁO KATALOGOWANIA
Instytucja, która utworzyła rekord BPK
041 0# - KOD JĘZYKA
Kod języka tekstu eng
008 - POLE O STAŁEJ DŁUGOŚCI - DANE KONTROLNE
podpole kontrolne o stałej długości s uk f |000 0 eng
100 1# - NAZWA OSOBOWA
Nazwa osobowa JARDEN, Mary Louise.
245 10 - TYTUŁ/ODPOWIEDZIALNOŚĆ
Tytuł The Young Brontes /
Pozostałe elementy strefy tytułu i oznaczenia odpowiedzialności Mary Louise Jarden ; illustrations in two colors by Helen Sewell.
260 ## - STREFA ADRESU WYDAWNICZEGO
Miejsce wydania New York :
Nazwa wydawcy/dystrybutora Viking Press,
Data publikacji, dystrybucji/powstania dokumentu 1953.
300 ## - STREFA OPISU FIZYCZNEGO
Objętość 277 pp :
Inne cechy fizyczne ill. ;
Rozmiary 22 cm.
650 #9 - HASŁO PRZEDMIOTOWE W FORMIE NAZWY OGÓLNEJ LUB JEDNOSTKOWEJ
Nazwa ogólna lub geograficzna Bronte family
655 ## - TERMIN INDEKSOWY - OKREŚLENIE RODZAJU/FORMY DOKUMENTU
Określenie rodzaju/formy dokumentu Fiction
700 1# - HASŁO DODATKOWE - NAZWA OSOBOWA
Nazwa osobowa SEWELL, Helen.
Określenie związku między hasłem a opisywanym materiałem ill.
856 ## - LOKALIZACJA I DOSTĘP DO ELEKTRONICZNYCH DOKUMENTÓW ZDALNYCH
Link (URL) http://koha.tu.koszalin.pl/cgi-bin/koha/opac-detail.pl?biblionumber=48756
Tekst linku Katalog online BPK
942 ## - DODATKOWE ELEMENTY (KOHA)
Typ dokumentu Książka
Egzemplarze
Wycofany Status egzemplarza Uszkodzony Dostępność Lokalizacja stała Lokalizacja bieżąca Miejsce przechowywania Sygnatura Kod kreskowy Typ dokumentu
      Dostępny Biblioteka Politechniki Koszalińskiej Biblioteka Politechniki Koszalińskiej Wypożyczalnia Językowa KA 6080 09051287 Książka
© 2023 Biblioteka Politechniki Koszalińskiej :: KOHA